Slumdog millionaire (Record no. 18099)
[ view plain ]
| 000 -LEADER | |
|---|---|
| fixed length control field | 01535cgm a22003857a 4500 |
| 005 - DATE AND TIME OF LATEST TRANSACTION | |
| control field | 20140310154326.0 |
| 007 - PHYSICAL DESCRIPTION FIXED FIELD--GENERAL INFORMATION | |
| fixed length control field | vd cgaizm |
| 008 - FIXED-LENGTH DATA ELEMENTS--GENERAL INFORMATION | |
| fixed length control field | 140310t2009 xxk115 e |||| 0| vleng d |
| 020 ## - INTERNATIONAL STANDARD BOOK NUMBER | |
| International Standard Book Number | 5060002836439 |
| 043 ## - GEOGRAPHIC AREA CODE | |
| Geographic area code | a-ii--- |
| 082 04 - DEWEY DECIMAL CLASSIFICATION NUMBER | |
| Edition number | 22 |
| Classification number | 791.4372 |
| Item number | SLU |
| 245 00 - TITLE STATEMENT | |
| Title | Slumdog millionaire |
| Medium | [videorecording] / |
| Statement of responsibility, etc | Pathe Celador Films and Film4, a Celador Films ; produced by Christian Colson ; screenplay by Simon Beaufoy ; directed by Danny Boyle. |
| 260 ## - PUBLICATION, DISTRIBUTION, ETC. (IMPRINT) | |
| Place of publication, distribution, etc | [London] : |
| Name of publisher, distributor, etc | Pathe Productions Limited, |
| Date of publication, distribution, etc | c.2009. |
| 300 ## - PHYSICAL DESCRIPTION | |
| Extent | 1 videodisc (115 min.) : |
| Other physical details | sd., col. ; |
| Dimensions | 4 3/4 in. |
| 508 ## - CREATION/PRODUCTION CREDITS NOTE | |
| Creation/production credits note | Director of photography Anthony Dod Mantle ; editor Chris Dickens ; music by A. R. Rahman. |
| 511 ## - PARTICIPANT OR PERFORMER NOTE | |
| Participant or performer note | Dev Patel, Freida Pinto, Madhur Mittal. |
| 521 ## - TARGET AUDIENCE NOTE | |
| Target audience note | Suitable only for persons of 15 years and over. |
| 586 ## - AWARDS NOTE | |
| Awards note | Winner 8 academy awards including best picture & best director. |
| 650 #0 - SUBJECT ADDED ENTRY--TOPICAL TERM | |
| Topical term or geographic name as entry element | Orphans |
| Geographic subdivision | India |
| -- | Mumbai |
| Form subdivision | Drama |
| 9 (RLIN) | 35476 |
| 650 #0 - SUBJECT ADDED ENTRY--TOPICAL TERM | |
| Topical term or geographic name as entry element | Television quiz shows |
| Geographic subdivision | India |
| -- | Mumbai |
| Form subdivision | Drama |
| 9 (RLIN) | 35477 |
| 653 ## - INDEX TERM--UNCONTROLLED | |
| -- | GGEN |
| -- | March2014 |
| 700 1# - ADDED ENTRY--PERSONAL NAME | |
| Personal name | Patel, Dev, |
| 9 (RLIN) | 35480 |
| 700 1# - ADDED ENTRY--PERSONAL NAME | |
| Personal name | Pinto, Freida, |
| 9 (RLIN) | 35481 |
| 700 1# - ADDED ENTRY--PERSONAL NAME | |
| Personal name | Mittal, Madhur, |
| 9 (RLIN) | 35482 |
| 700 1# - ADDED ENTRY--PERSONAL NAME | |
| Personal name | Mantle, Anthony Dod, |
| 9 (RLIN) | 35483 |
| 700 1# - ADDED ENTRY--PERSONAL NAME | |
| Personal name | Dickens, Chris |
| 9 (RLIN) | 35484 |
| 700 1# - ADDED ENTRY--PERSONAL NAME | |
| Personal name | Rahman, A. R., |
| 9 (RLIN) | 35485 |
| 700 1# - ADDED ENTRY--PERSONAL NAME | |
| Personal name | Boyle, Danny, |
| 9 (RLIN) | 35486 |
| 700 1# - ADDED ENTRY--PERSONAL NAME | |
| Personal name | Beaufoy, Simon, |
| 9 (RLIN) | 35487 |
| 700 1# - ADDED ENTRY--PERSONAL NAME | |
| Personal name | Colson, Christian, |
| 9 (RLIN) | 35488 |
| 710 2# - ADDED ENTRY--CORPORATE NAME | |
| Corporate name or jurisdiction name as entry element | Celador Films |
| 9 (RLIN) | 35489 |
| 710 2# - ADDED ENTRY--CORPORATE NAME | |
| 9 (RLIN) | 35490 |
| Corporate name or jurisdiction name as entry element | FilmFour (Firm) |
| 710 2# - ADDED ENTRY--CORPORATE NAME | |
| Corporate name or jurisdiction name as entry element | Pathe Celador Films |
| 9 (RLIN) | 35492 |
| 942 ## - ADDED ENTRY ELEMENTS (KOHA) | |
| Source of classification or shelving scheme | Dewey Decimal Classification |
| Item type | |
| Call number prefix | 791.4372 SLU |
| Withdrawn status | Lost status | Source of classification or shelving scheme | Damaged status | Not for loan | Koha collection | Home library | Current library | Shelving location | Date acquired | Cost, normal purchase price | Total Checkouts | Full call number | Barcode | Date last seen | Date last borrowed | Cost, replacement price | Koha item type |
|---|---|---|---|---|---|---|---|---|---|---|---|---|---|---|---|---|---|
| Dewey Decimal Classification | Baccah | Central Library | Central Library | Second Floor | 10/03/2014 | 159.00 | 1 | 791.4372 SLU | 000035682 | 24/08/2022 | 22/09/2019 | 198.75 | CD | DVD - With book |